000 00661nam a2200241Ia 4500
003 OSt
005 20220923215017.0
006 a|||||r|||| 00| 0
007 ta
008 220922b |||||||| |||| 00| 0 hin d
024 _a174,856
037 _cTextual
040 _aARTS
_cARTS
_bhin
041 _2hin
_ahin
082 _aO152,6N171x, K6
100 _aदेवराज
245 0 _aप्रतिक्रियाएं
246 _aPratikriyāean
260 _c1966
650 _aहिन्दी साहित्य
_9156264
942 _hO152,6N171x, K6
_cTEXL
_2CC
999 _c328560
_d328560